| 000 | 01189nam a2200349 a 4500 | ||
|---|---|---|---|
| 001 | 50358 | ||
| 003 | FlNmELB | ||
| 005 | 20241216232223.0 | ||
| 006 | m o d | | ||
| 007 | cr cn||||||||| | ||
| 008 | 201211r2012 ag |||||s|||||||||||spa d | ||
| 035 | _a(MiAaPQ)EBC3202695 | ||
| 035 | _a(Au-PeEL)EBL3202695 | ||
| 035 | _a(CaPaEBR)ebr10609672 | ||
| 035 | _a(OCoLC)929377412 | ||
| 040 |
_aFlNmELB _bspa _cFlNmELB |
||
| 050 | 4 |
_aPN667 _bM828 2012 |
|
| 080 | _a821.124 | ||
| 082 | 0 | 4 |
_a808.8 _222 |
| 100 | 1 | _aMorales Castro, Paola Andrea. | |
| 245 | 1 | 0 |
_aLiteratura medieval y humanismo _h[recurso electronico] / _cPaola Andrea Morales Castro. |
| 260 |
_a[Santa Fe, Argentina] : _b[El Cid Editor | apuntes], _c[2012] |
||
| 300 | _a[24] p. | ||
| 533 | _aRecurso electrónico. Santa Fe, Arg.: e-libro, 2015. Disponible vía World Wide Web. El acceso puede estar limitado para las bibliotecas afiliadas a e-libro. | ||
| 650 | 4 | _aLiteratura medieval. | |
| 650 | 4 | _aHumanismo. | |
| 650 | 4 | _aLiterature, Medieval. | |
| 650 | 4 | _aHumanism. | |
| 655 | 4 | _aLibros electrónicos. | |
| 710 | 2 | _ae-libro, Corp. | |
| 856 | 4 | 0 | _uhttps://elibro.net/ereader/politecnicointernacional/27425 |
| 999 |
_c50358 _d50358 |
||